000 00195 a2200097 4500
020 _a9788475096957
041 _aspa
100 _ajampolsky,Geral.g
245 _aAmar es la respuesta
942 _cBK
999 _c11306
_d11306